CUET (UG)-25 Commerce: (Record no. 213457)

MARC details
000 -LEADER
fixed length control field 00523nam a22001697a 4500
005 - DATE AND TIME OF LATEST TRANSACTION
control field 20250925163344.0
010 ## - LCCN (DPL NO)
LC control number ENG-146861
020 ## - INTERNATIONAL STANDARD BOOK NUMBER
International Standard Book Number 9789364686006
Terms of availability 399.00
035 ## - SYSTEM CONTROL NUMBER
System control number EN-130393
037 ## - SOURCE OF ACQUISITION
Source of stock number/acquisition DBAD
082 ## - DEWEY DECIMAL CLASSIFICATION NUMBER
Edition number 1
245 ## - TITLE STATEMENT
Title CUET (UG)-25 Commerce:
Remainder of title Accountancy, Business Studies, Economics/
260 ## - PUBLICATION, DISTRIBUTION, ETC. (IMPRINT)
Place of publication, distribution, etc Uttar Pradesh
Name of publisher, distributor, etc S. Chand Publishing
Date of publication, distribution, etc 2025
270 ## - ADDRESS
Address D-92, Sector-2, Noida
City Uttar Pradesh
Postal code 201301
Telephone number 61-120-4682700
300 ## - PHYSICAL DESCRIPTION
Extent 297p.
Dimensions 26cm(pb)
942 ## - ADDED ENTRY ELEMENTS (KOHA)
Source of classification or shelving scheme Dewey Decimal Classification
Item type Children Books
Call number suffix CUE
Classification part 658

No items available.


© Delhi Public Library
Hit Counter
free hit counter